[Event "4NCL 2014-15"]
[Site "Hinckley Island ENG"]
[Date "2015.03.29"]
[Round "8.164"]
[White "Redmond, John P."]
[Black "Jackson, James P"]
[Result "0-1"]
[BlackTitle "FM"]
[WhiteElo "2249"]
[BlackElo "2313"]
[WhiteTeam "South Wales Dragons"]
[BlackTeam "e2e4.org.uk 1"]
[WhiteFideId "2500051"]
[BlackFideId "416860"]
[EventDate "2014.11.15"]

1. Nf3 Nf6 2. c4 e6 3. Nc3 c5 4. g3 b6 5. Bg2 Bb7 6. O-O Be7 7. d4 cxd4 8. Qxd4
d6 9. Rd1 a6 10. Bg5 Nbd7 11. Bxf6 Nxf6 12. Na4 Rb8 13. c5 bxc5 14. Nxc5 O-O 15.
Nxb7 Rxb7 16. Ne5 d5 17. Nc6 Qc7 18. Rac1 Re8 19. b4 Qb6 20. Qxb6 Rxb6 21. a3 g6
22. e3 Kg7 23. Na5 Bf8 24. Rc7 Bd6 25. Rc2 Rd8 26. e4 dxe4 27. Rcd2 Nd5 28. Bxe4
Nc3 29. Re1 Nxe4 30. Rxe4 Be7 31. Rxd8 Bxd8 32. Rd4 Be7 33. Rd7 Kf6 34. Nc4 Rc6
35. Ne3 h5 36. Rd3 Bf8 37. h4 Ke5 38. Kg2 Ke4 39. Rb3 Kd4 40. a4 Rb6 41. b5 axb5
42. axb5 Rb7 43. Rb1 Kc5 44. Kf3 Rxb5 45. Rxb5+ Kxb5 46. Ke2 Bc5 47. Nc2 Kc4 48.
Ne1 Kd5 49. Nf3 f6 50. Nd2 Bb4 51. Nf1 Ke4 52. Nh2 Kf5 53. f3 Bd6 54. Nf1 Ke5
55. Kd3 Bc5 56. Ke2 Kd4 57. Nd2 Bb4 58. Nf1 Bf8 59. Ne3 Bh6 60. Nc2+ Kc3 61. Ne1
Bf8 62. f4 Kd4 63. Nf3+ Kd5 0-1

[Event "4NCL 2014-15"]
[Site "Hinckley Island ENG"]
[Date "2015.03.29"]
[Round "8.165"]
[White "Galliano, Alexander"]
[Black "Zeidler, Sven P."]
[Result "1-0"]
[BlackTitle "FM"]
[WhiteElo "2114"]
[BlackElo "2225"]
[WhiteTeam "e2e4.org.uk 1"]
[BlackTeam "South Wales Dragons"]
[WhiteFideId "403695"]
[BlackFideId "1800604"]
[EventDate "2014.11.15"]

1. e4 d5 2. exd5 Qxd5 3. Nc3 Qa5 4. d4 Nf6 5. Nf3 Bg4 6. h3 Bh5 7. g4 Bg6 8. Ne5
Nbd7 9. Nc4 Qa6 10. Bf4 Qe6+ 11. Ne3 Qb6 12. Nb5 Rc8 13. a4 a6 14. a5 Qc6 15. d5
Qc5 16. Nc3 Ne4 17. Nxe4 Qb4+ 18. Nc3 Qxf4 19. Ra4 Qf6 20. h4 h5 21. g5 Qd6 22.
Bh3 Rd8 23. f4 e6 24. dxe6 Qxd1+ 25. Ncxd1 fxe6 26. Rc4 Bf7 27. Rxc7 Bd6 28.
Rxb7 Bxf4 29. O-O Bg3 30. Ng2 Rf8 31. b4 Bg6 32. Nde3 Rxf1+ 33. Kxf1 Ke7 34. Ra7
Bd6 35. Rxa6 Rc8 36. Ne1 Be4 37. b5 Rc7 38. Bg2 Bxg2+ 39. N1xg2 Rc3 40. Ra8 Bc5
41. Ke2 Ra3 42. a6 Ra5 43. c4 Ne5 44. Rc8 Ra2+ 45. Kd1 Nd3 46. Nc2 Kd7 47. Rg8
Nb2+ 48. Kc1 Nxc4 49. Rxg7+ Kd6 50. Rh7 Na3 51. Nge1 Nxb5 52. g6 Bd4 53. Nxd4
Nxd4 54. Kb1 Re2 55. g7 Nb5 56. Nc2 Rg2 57. Rxh5 Nc3+ 58. Kb2 1-0

[Event "4NCL 2014-15"]
[Site "Hinckley Island ENG"]
[Date "2015.03.29"]
[Round "8.166"]
[White "Morris, Charles F"]
[Black "Mladenov, Ilian"]
[Result "0-1"]
[WhiteElo "2152"]
[BlackElo "2253"]
[WhiteTeam "South Wales Dragons"]
[BlackTeam "e2e4.org.uk 1"]
[WhiteFideId "1800140"]
[BlackFideId "2906180"]
[EventDate "2014.11.15"]

1. c4 c6 2. g3 d5 3. Nf3 Nf6 4. Bg2 Bg4 5. cxd5 cxd5 6. Ne5 Bf5 7. Nc3 Nbd7 8.
Qa4 e6 9. d3 Bd6 10. Bf4 Bxe5 11. Bxe5 O-O 12. Bd6 Re8 13. O-O Nb6 14. Qa3 e5
15. Rac1 Qd7 16. e4 Bh3 17. Bxh3 Qxh3 18. f3 dxe4 19. Nxe4 Nfd5 20. Bc5 h6 21.
Qb3 Rad8 22. a4 Rd7 23. a5 Nc8 24. Bf2 b6 25. a6 Nce7 26. Qb5 Red8 27. Rfe1 Nf5
28. Rc8 Nh4 0-1

[Event "4NCL 2014-15"]
[Site "Hinckley Island ENG"]
[Date "2015.03.29"]
[Round "8.167"]
[White "Rudd, Jack"]
[Black "Jameson, David"]
[Result "0-1"]
[WhiteTitle "IM"]
[WhiteElo "2247"]
[BlackElo "2068"]
[WhiteTeam "e2e4.org.uk 1"]
[BlackTeam "South Wales Dragons"]
[WhiteFideId "405736"]
[BlackFideId "1801538"]
[EventDate "2014.11.15"]

1. d4 d5 2. c4 c6 3. Nf3 Nf6 4. Nc3 e6 5. Bg5 h6 6. Bh4 dxc4 7. e4 b5 8. e5 g5
9. Nxg5 hxg5 10. Bxg5 Nbd7 11. exf6 Bb7 12. g3 Bb4 13. Bg2 Qa5 14. Qc2 Nb6 15.
O-O Bxc3 16. bxc3 Na4 17. Rac1 O-O-O 18. Rfe1 c5 19. Bxb7+ Kxb7 20. Be3 Nxc3 21.
dxc5 Nd5 22. a4 Nxe3 23. Rxe3 a6 24. axb5 axb5 25. Qb2 Rd2 26. Qe5 Rd5 27. Qe4
Kc6 28. Qg4 Qd8 29. Ra1 Qxf6 30. Ra6+ Kxc5 31. Qe2 Rhd8 32. Qa2 Rd1+ 33. Kg2
R1d3 34. Qe2 Qd4 35. Re5+ Rd5 36. Re4 Rd2 37. Qf3 Qd3 38. Qf4 Kb4 39. g4 Rd4 40.
Rxd4 Qxd4 41. Qf3 Qd5 0-1

[Event "4NCL 2014-15"]
[Site "Hinckley Island ENG"]
[Date "2015.03.29"]
[Round "8.168"]
[White "Lochte, Szilvia"]
[Black "Norinkeviciute, Rasa"]
[Result "0-1"]
[BlackTitle "WFM"]
[WhiteElo "1934"]
[BlackElo "2009"]
[WhiteTeam "South Wales Dragons"]
[BlackTeam "e2e4.org.uk 1"]
[WhiteFideId "708410"]
[BlackFideId "12801925"]
[EventDate "2014.11.15"]

1. d4 Nf6 2. Nf3 e6 3. g3 b6 4. Bg2 Bb7 5. O-O d6 6. c4 Nbd7 7. Nc3 Be7 8. Qc2
c5 9. e3 O-O 10. b3 a6 11. Bb2 Qc7 12. Rac1 Rac8 13. Qe2 Ne4 14. Nxe4 Bxe4 15.
Nd2 Bxg2 16. Kxg2 f5 17. dxc5 Nxc5 18. b4 Nd7 19. Nf3 Bf6 20. Nd4 Rce8 21. Kg1
g6 22. c5 bxc5 23. Qxa6 Qb8 24. Nc6 Qc7 25. Bxf6 Rxf6 26. b5 Rff8 27. Qa4 Nb6
28. Qb3 c4 29. Qc3 d5 30. Ra1 Ra8 31. Rfc1 Qd6 32. Qd4 Qc7 33. Rc2 Rfe8 34. f4
Ra3 35. Rc3 Ra4 36. a3 Nd7 37. Rb1 Rea8 38. Ra1 Qd6 39. Qd1 0-1

[Event "4NCL 2014-15"]
[Site "Hinckley Island ENG"]
[Date "2015.03.29"]
[Round "8.171"]
[White "Sanders, Isaac B"]
[Black "Merry, Alan B"]
[Result "1/2-1/2"]
[WhiteTitle "FM"]
[BlackTitle "FM"]
[WhiteElo "2305"]
[BlackElo "2349"]
[WhiteTeam "Barbican 4NCL 1"]
[BlackTeam "The AD's"]
[WhiteFideId "417661"]
[BlackFideId "418811"]
[EventDate "2014.11.15"]

1. Nf3 d5 2. d4 Bf5 3. g3 Nc6 4. Bg2 Nb4 5. Na3 c6 6. O-O Nf6 7. c3 Na6 8. c4 e6
9. b3 b6 10. Nc2 Bd6 11. Nce1 O-O 12. Nd3 Nb8 13. Bf4 Bxd3 14. Qxd3 Bxf4 15.
gxf4 Ne4 16. Ne5 f5 17. Bxe4 dxe4 18. Qe3 Nd7 19. Nxd7 Qxd7 20. f3 exf3 21. exf3
Rad8 22. Rad1 Qf7 23. Rf2 Qf6 24. Re2 Rfe8 25. Qe5 Qxe5 26. fxe5 f4 27. Red2 g5
28. Kf2 Kg7 29. Ke2 Kg6 30. b4 Kf5 31. h3 h5 32. Kd3 Rg8 33. Rg2 Rg7 34. Rdg1 a5
35. c5 axb4 36. Kc4 Rdg8 37. Rh2 g4 38. hxg4+ hxg4 39. Rh5+ Rg5 40. Rxg4 1/2-1/2

[Event "4NCL 2014-15"]
[Site "Hinckley Island ENG"]
[Date "2015.03.29"]
[Round "8.172"]
[White "Wheeler, Darren P"]
[Black "Devereaux, Maxim L"]
[Result "1/2-1/2"]
[BlackTitle "IM"]
[WhiteElo "2268"]
[BlackElo "2346"]
[WhiteTeam "The AD's"]
[BlackTeam "Barbican 4NCL 1"]
[WhiteFideId "410136"]
[BlackFideId "408280"]
[EventDate "2014.11.15"]

1. e4 e5 2. Nf3 Nc6 3. Bb5 Nge7 4. O-O g6 5. c3 a6 6. Bxc6 Nxc6 7. d4 exd4 8.
cxd4 Bg7 9. Nc3 O-O 10. Bg5 f6 11. Be3 d6 12. h3 Kh8 13. Re1 Ne7 14. d5 c5 15.
dxc6 bxc6 16. Qd2 Be6 17. Rad1 Nc8 18. Bc5 Bg8 19. Bxd6 Nxd6 20. Qxd6 Qb6 21.
Qd2 f5 22. e5 Rfe8 23. b3 Rad8 24. Qb2 c5 25. Na4 Qc6 26. Rxd8 Rxd8 27. Qc3 Rc8
28. Rc1 Qe8 29. Nxc5 Bd5 30. Qe3 Bxf3 31. gxf3 f4 32. Qxf4 Bxe5 33. Qg5 Bb2 34.
Rd1 Qf8 35. Ne6 Qf6 36. Qxf6+ Bxf6 37. Rd2 Kg8 38. Re2 Kf7 39. Nf4 Rd8 40. Rc2
Be5 41. Ne2 Rd5 42. Kg2 h5 43. Ng3 Bd6 44. Ne4 Be7 45. Rd2 Ke6 46. Rxd5 Kxd5 47.
Kf1 Kd4 48. Ke2 Bb4 49. Nf6 Be7 50. Nd7 Bd6 51. Nb6 Kc3 52. Na4+ Kc2 53. Ke3 Kb1
54. Nc3+ Kb2 55. Kd3 Be5 56. Nd5 Kxa2 57. Kc4 Bd6 58. Nc3+ Ka3 59. Ne4 Be7 60.
Kc3 a5 61. Kc4 Kb2 62. f4 h4 63. Ng5 Kc2 64. Nf3 Bd8 65. Ne5 Kd2 66. Nxg6 Ke2
67. Kb5 Kxf2 68. Nxh4 Bxh4 69. Kxa5 Kf3 70. f5 Kf4 71. b4 Kxf5 72. b5 Bf2 73.
Ka6 1/2-1/2

[Event "4NCL 2014-15"]
[Site "Hinckley Island ENG"]
[Date "2015.03.29"]
[Round "8.173"]
[White "Knott, Simon J B"]
[Black "Besedin, Pavel"]
[Result "1-0"]
[WhiteTitle "IM"]
[WhiteElo "2316"]
[BlackElo "2119"]
[WhiteTeam "Barbican 4NCL 1"]
[BlackTeam "The AD's"]
[WhiteFideId "400645"]
[BlackFideId "11602120"]
[EventDate "2014.11.15"]

1. Nf3 g6 2. e4 Bg7 3. d4 d6 4. c4 Nf6 5. Nc3 O-O 6. Be2 e5 7. O-O Nc6 8. d5 Ne7
9. Ne1 Nd7 10. Be3 f5 11. f3 f4 12. Bf2 g5 13. g4 fxg3 14. hxg3 Ng6 15. Be3 Rf7
16. Rf2 h6 17. Rh2 Bf8 18. Nd3 Rh7 19. Qd2 Be7 20. Kh1 h5 21. f4 g4 22. f5 Nh8
23. Kg2 Nf7 24. Rah1 Nf6 25. Nf2 Bd7 26. b4 a5 27. b5 b6 28. Kg1 Bf8 29. Rh4 Bg7
30. Bd1 Qf8 31. R1h2 Bh6 32. Nxg4 1-0

[Event "4NCL 2014-15"]
[Site "Hinckley Island ENG"]
[Date "2015.03.29"]
[Round "8.174"]
[White "Swindells, Jonathan E"]
[Black "Chapman, Terry P D"]
[Result "1-0"]
[BlackTitle "FM"]
[WhiteElo "2137"]
[BlackElo "2262"]
[WhiteTeam "The AD's"]
[BlackTeam "Barbican 4NCL 2"]
[WhiteFideId "421863"]
[BlackFideId "413399"]
[EventDate "2014.11.15"]

1. e4 c6 2. Nc3 d5 3. d3 e5 4. Nf3 Qd6 5. d4 exd4 6. Qxd4 dxe4 7. Nxe4 Qxd4 8.
Nxd4 Nf6 9. Nxf6+ gxf6 10. Bf4 h5 11. Bd3 Nd7 12. O-O-O Bh6 13. Bxh6 Rxh6 14.
Nf5 Rh8 15. Nd6+ Ke7 16. Bf5 Nb6 17. Nxc8+ Nxc8 18. Rhe1+ Kf8 19. Rd8+ Kg7 20.
Rxh8 Kxh8 21. Re8+ Kg7 22. Rxc8 1-0

[Event "4NCL 2014-15"]
[Site "Hinckley Island ENG"]
[Date "2015.03.29"]
[Round "8.175"]
[White "Taylor, Martin R"]
[Black "Snape, Ian L"]
[Result "1-0"]
[WhiteTitle "FM"]
[WhiteElo "2328"]
[BlackElo "2161"]
[WhiteTeam "Barbican 4NCL 1"]
[BlackTeam "The AD's"]
[WhiteFideId "407836"]
[BlackFideId "404489"]
[EventDate "2014.11.15"]

1. d4 c5 2. d5 g6 3. c4 d6 4. e4 Nf6 5. Nc3 Bg7 6. Nge2 O-O 7. Ng3 e6 8. Be2
exd5 9. cxd5 a6 10. a4 Nbd7 11. O-O Rb8 12. f3 h5 13. Bg5 c4 14. Be3 b5 15. axb5
axb5 16. b4 h4 17. Nh1 Nh5 18. Qd2 f5 19. exf5 gxf5 20. f4 Qf6 21. Ra3 Qg6 22.
Nf2 Ndf6 23. Nh3 Ne4 24. Nxe4 fxe4 25. Ng5 c3 26. Qd1 Nf6 27. Rxc3 Bb7 28. Rc7
Bxd5 29. Bd4 Bf7 30. Nxf7 Rxf7 31. f5 Qh6 32. Qb3 d5 33. Rxf7 Kxf7 34. Bxf6 Qxf6
35. Qxd5+ Kf8 36. Rd1 Qb6+ 37. Kh1 h3 38. Bh5 hxg2+ 39. Kxg2 Qf6 40. Qxe4 Qb2+
41. Kh1 Be5 42. Qh4 Bf6 43. Qf4 Qe5 44. Qh6+ Bg7 45. Qc6 Qe7 46. Rd7 Qe5 47. f6
Qa1+ 48. Kg2 Qb2+ 49. Kh3 Qb3+ 50. Bf3 Re8 51. fxg7+ Kg8 52. Qd5+ 1-0

[Event "4NCL 2014-15"]
[Site "Hinckley Island ENG"]
[Date "2015.03.29"]
[Round "8.176"]
[White "Anderton, David W"]
[Black "Rogers, Jonathan W"]
[Result "0-1"]
[WhiteTitle "CM"]
[BlackTitle "FM"]
[WhiteElo "2172"]
[BlackElo "2277"]
[WhiteTeam "The AD's"]
[BlackTeam "Barbican 4NCL 2"]
[WhiteFideId "401668"]
[BlackFideId "402052"]
[EventDate "2014.11.15"]

1. d4 Nc6 2. Nf3 d5 3. g3 Bg4 4. Bg2 Qd7 5. h3 Bxf3 6. exf3 h5 7. h4 Nh6 8. O-O
e6 9. Bf4 Nf5 10. c3 Be7 11. Bh3 f6 12. Re1 Kf7 13. Qe2 Rag8 14. Nd2 Bd6 15.
Bxd6 Qxd6 16. f4 Nce7 17. Nf3 Rc8 18. Rad1 g6 19. Qd3 Qa6 20. Qxa6 bxa6 21. b4
Rb8 22. Nd2 a5 23. bxa5 Rb2 24. Nb3 Rxa2 25. Ra1 Rxa1 26. Rxa1 Rb8 27. Nc5 Nc6
28. a6 Rb2 29. Re1 Nd8 30. Ra1 Nd6 31. Re1 f5 32. Bf1 Ne4 33. Nxe4 fxe4 34. Ra1
Ke7 35. Ra5 c6 36. Ra4 Nf7 37. c4 Nd6 38. c5 Nf5 39. Bh3 e3 40. fxe3 Nxe3 41.
Ra3 Nc2 42. Rd3 Rb4 43. Kf2 Nxd4 0-1

[Event "4NCL 2014-15"]
[Site "Hinckley Island ENG"]
[Date "2015.03.29"]
[Round "8.177"]
[White "Coleman, David J"]
[Black "Bellin, Jana M"]
[Result "1/2-1/2"]
[WhiteTitle "CM"]
[BlackTitle "WGM"]
[WhiteElo "2230"]
[BlackElo "2090"]
[WhiteTeam "Barbican 4NCL 2"]
[BlackTeam "The AD's"]
[WhiteFideId "402087"]
[BlackFideId "402168"]
[EventDate "2014.11.15"]

1. e4 c5 2. Nf3 e6 3. d4 cxd4 4. Nxd4 a6 5. Bd3 Nf6 6. Qe2 d6 7. c4 Qc7 8. Nc3
Be7 9. O-O Nc6 10. Nxc6 bxc6 11. f4 e5 12. h3 O-O 13. f5 Bb7 14. Be3 Rfb8 15.
Rac1 c5 16. g4 h6 17. Nd5 Bxd5 18. exd5 Qb6 19. Rf2 Nh7 20. f6 Nxf6 21. h4 e4
22. Bb1 Nd7 23. g5 hxg5 24. hxg5 Ne5 25. Bxe4 Qd8 26. Qh5 g6 27. Qh4 Qd7 28. Rg2
Bf8 29. Bf4 Bg7 30. b3 a5 31. Rc3 a4 32. Rh3 axb3 33. axb3 Ra1+ 34. Kh2 Qe7 35.
Re3 Rba8 36. Rge2 R8a2 37. Rxa2 Rxa2+ 38. Kg3 Qd7 39. Qh3 Qxh3+ 40. Kxh3 Rb2 41.
Rg3 Kf8 42. Bc1 Re2 43. Re3 Ra2 44. Re1 Ra1 45. Bd2 Ra3 46. Rb1 Ra2 47. Bc3 Re2
48. Re1 Ra2 49. Rb1 Re2 50. Re1 Ra2 51. Rb1 Re2 1/2-1/2

[Event "4NCL 2014-15"]
[Site "Hinckley Island ENG"]
[Date "2015.03.29"]
[Round "8.178"]
[White "Walker, Nicholas A"]
[Black "Bhatia, Kanwal K"]
[Result "0-1"]
[BlackTitle "WFM"]
[WhiteElo "1881"]
[BlackElo "2028"]
[WhiteTeam "The AD's"]
[BlackTeam "Barbican 4NCL 1"]
[WhiteFideId "412783"]
[BlackFideId "407496"]
[EventDate "2014.11.15"]

1. e4 e5 2. Bc4 Nf6 3. d4 Nc6 4. d5 Nb8 5. Qe2 Bc5 6. Nc3 a6 7. f4 d6 8. fxe5
dxe5 9. Nf3 Qd6 10. Be3 Bxe3 11. Qxe3 Nbd7 12. O-O-O b5 13. Bxb5 Rb8 14. Bxd7+
Bxd7 15. Qg5 O-O 16. Qxe5 Qb4 17. Rd4 Qxb2+ 18. Kd2 Qa3 19. h3 Rb2 20. Rc4 Bb5
21. Rxc7 Re8 22. Qd4 Qa5 23. d6 Nxe4+ 24. Kc1 Rb4 25. Nxb5 Rxd4 26. Nbxd4 Qa3+
27. Kd1 Nf2+ 28. Kd2 Qe3# 0-1

[Event "4NCL 2014-15"]
[Site "Hinckley Island ENG"]
[Date "2015.03.29"]
[Round "8.181"]
[White "Haria, Ravi"]
[Black "Pitcher, John"]
[Result "1-0"]
[WhiteElo "2132"]
[BlackElo "2232"]
[WhiteTeam "Cambridge University 1"]
[BlackTeam "Warwickshire Select 1"]
[WhiteFideId "415820"]
[BlackFideId "411485"]
[EventDate "2014.11.15"]

1. e4 c5 2. Nf3 e6 3. Nc3 a6 4. d4 cxd4 5. Nxd4 Nc6 6. Be2 Qc7 7. Be3 Nf6 8. a3
Be7 9. O-O O-O 10. f4 d5 11. e5 Nxd4 12. Bxd4 Nd7 13. Bf3 b5 14. Qe1 Rb8 15. Kh1
b4 16. axb4 Rxb4 17. Rd1 Bc5 18. Ne2 Rb8 19. Bc3 a5 20. Bxa5 Bb6 21. Bb4 Bc5 22.
Bc3 Ba6 23. Ra1 Qb6 24. b3 Rfc8 25. Ba5 Qa7 26. Qg3 Be3 27. Ra2 Qc5 28. b4 Qc4
29. Rfa1 Bb5 30. Ra3 Bd2 31. c3 Nf8 32. Rd1 Be3 33. Nd4 Bxd4 34. cxd4 Qc2 35.
Raa1 Rc3 36. Qe1 Rxf3 37. gxf3 Be2 38. Rd2 Bxf3+ 39. Kg1 Qg6+ 40. Qg3 Qh5 41.
Ra3 Be4 42. Qg5 Qg6 43. Rc3 h6 44. Qxg6 Nxg6 45. Rf2 Ne7 46. Rb2 Ra8 47. Kf2 Nf5
48. b5 1-0

[Event "4NCL 2014-15"]
[Site "Hinckley Island ENG"]
[Date "2015.03.29"]
[Round "8.182"]
[White "Thomas, Nicholas"]
[Black "Bisby, Daniel L"]
[Result "0-1"]
[WhiteTitle "FM"]
[BlackTitle "FM"]
[WhiteElo "2268"]
[BlackElo "2318"]
[WhiteTeam "Warwickshire Select 1"]
[BlackTeam "Cambridge University 1"]
[WhiteFideId "402117"]
[BlackFideId "404586"]
[EventDate "2014.11.15"]

1. e4 c5 2. Nc3 Nc6 3. g3 g6 4. Bg2 Bg7 5. d3 d6 6. f4 e6 7. Nf3 Nge7 8. O-O O-O
9. Be3 Rb8 10. g4 f5 11. exf5 gxf5 12. g5 b5 13. d4 b4 14. Ne2 Nd5 15. Bf2 Ba6
16. Re1 Bxe2 17. Qxe2 Nxf4 18. Qe3 e5 19. dxc5 Nxg2 20. Kxg2 e4 21. Nd2 d5 22.
Bg3 Bd4 23. Qb3 f4 24. Bh4 Qd7 25. Nxe4 Na5 26. Qf3 dxe4 27. Rxe4 Nc4 28. c6
Qxc6 29. Rxd4 Ne3+ 30. Kf2 Qxc2+ 31. Qe2 Qc5 0-1

[Event "4NCL 2014-15"]
[Site "Hinckley Island ENG"]
[Date "2015.03.29"]
[Round "8.183"]
[White "McClement, Andrew"]
[Black "Mason, Donald J"]
[Result "1/2-1/2"]
[WhiteElo "2202"]
[BlackElo "2138"]
[WhiteTeam "Cambridge University 1"]
[BlackTeam "Warwickshire Select 1"]
[WhiteFideId "2400480"]
[BlackFideId "405116"]
[EventDate "2014.11.15"]

1. Nf3 Nf6 2. c4 g6 3. g3 Bg7 4. Bg2 d6 5. Nc3 O-O 6. O-O e5 7. d3 c6 8. Rb1 Re8
9. Bg5 h6 10. Bxf6 Bxf6 11. Nd2 Bg7 12. Qc2 Be6 13. b4 d5 14. b5 d4 15. Na4 Bf8
16. bxc6 bxc6 17. Rb7 Qc8 18. Rfb1 Re7 19. Qb3 Rxb7 20. Qxb7 Qxb7 21. Rxb7 Bc8
22. Rc7 Na6 23. Rxc6 Rb8 24. Bd5 Kg7 25. Rxc8 Rxc8 26. Bb7 Nc5 27. Bxc8 Nxa4 28.
Kf1 Nc3 1/2-1/2

[Event "4NCL 2014-15"]
[Site "Hinckley Island ENG"]
[Date "2015.03.29"]
[Round "8.184"]
[White "Lawton, Geoff W"]
[Black "Lee, Richard W Y"]
[Result "1-0"]
[WhiteTitle "IM"]
[WhiteElo "2389"]
[BlackElo "2147"]
[WhiteTeam "Warwickshire Select 1"]
[BlackTeam "Cambridge University 1"]
[WhiteFideId "400483"]
[BlackFideId "418781"]
[EventDate "2014.11.15"]

1. e4 c5 2. Nf3 e6 3. d4 cxd4 4. Nxd4 Nf6 5. Nc3 d6 6. g4 Nc6 7. g5 Nd7 8. Be3
a6 9. Qh5 g6 10. Qe2 Qc7 11. O-O-O Nc5 12. Bg2 Bd7 13. Nxc6 Bxc6 14. Bxc5 dxc5
15. Nd5 Bxd5 16. exd5 Qf4+ 17. Kb1 e5 18. d6 Rd8 19. d7+ Rxd7 20. Rxd7 Kxd7 21.
Bxb7 Bd6 22. Qxa6 Rd8 23. Rd1 Ke7 24. Qc6 Qxg5 25. Bc8 Kf8 26. a4 Qe7 27. a5 Qe8
28. Rxd6 Rxc8 29. Qd5 Qb5 30. Rd7 Qf1+ 31. Ka2 Qxf2 32. a6 Qf4 33. a7 Qa4+ 34.
Kb1 Kg7 35. Qxf7+ Kh6 36. Qxh7+ Kg5 37. Qe7+ Kf5 38. h4 Qe4 39. Qg5+ Ke6 40.
Qe7+ Kf5 41. Rd1 Kf4 42. Qg5+ Kf3 43. Rd3+ 1-0

[Event "4NCL 2014-15"]
[Site "Hinckley Island ENG"]
[Date "2015.03.29"]
[Round "8.185"]
[White "Karayiannis, Costas"]
[Black "Lam, Paul G M"]
[Result "1/2-1/2"]
[WhiteElo "2161"]
[BlackElo "2123"]
[WhiteTeam "Cambridge University 1"]
[BlackTeam "Warwickshire Select 1"]
[WhiteFideId "405183"]
[BlackFideId "411566"]
[EventDate "2014.11.15"]

1. d4 e6 2. c4 f5 3. g3 Nf6 4. Bg2 Bb4+ 5. Bd2 Qe7 6. Nc3 O-O 7. Nf3 d6 8. O-O
a5 9. a3 Bxc3 10. Bxc3 Ne4 11. Qc2 b6 12. Nd2 Nxc3 13. Qxc3 Ra7 14. b4 e5 15.
dxe5 dxe5 16. c5 Nd7 17. c6 Nf6 18. Nc4 e4 19. bxa5 bxa5 20. Qd4 Ra6 21. Rfd1
Rxc6 22. Nxa5 1/2-1/2

[Event "4NCL 2014-15"]
[Site "Hinckley Island ENG"]
[Date "2015.03.29"]
[Round "8.186"]
[White "James, Ann-Marie"]
[Black "Churm, Rohan M"]
[Result "0-1"]
[WhiteTitle "WFM"]
[WhiteElo "2068"]
[BlackElo "2162"]
[WhiteTeam "Warwickshire Select 1"]
[BlackTeam "Cambridge University 1"]
[WhiteFideId "403644"]
[BlackFideId "405566"]
[EventDate "2014.11.15"]

1. e4 e6 2. d4 d5 3. Nd2 Be7 4. Ngf3 Nf6 5. Bd3 c5 6. c3 cxd4 7. cxd4 dxe4 8.
Nxe4 Bd7 9. O-O Nxe4 10. Bxe4 Bc6 11. Qc2 Bxe4 12. Qxe4 Nc6 13. Rd1 O-O 14. Be3
Qd5 15. Qg4 Rac8 16. a3 Bf6 17. Ng5 Bxg5 18. Bxg5 f5 19. Qh4 h6 20. Be3 f4 21.
Bxf4 g5 22. Qxh6 Rxf4 23. Rac1 Rd8 24. Re1 Rxd4 25. Qg6+ Kf8 26. Qf6+ Ke8 27.
Rxe6+ Kd7 28. Ree1 Kc8 29. h3 Kb8 30. b4 Rf4 31. Qb2 Qd4 32. Qxd4 Rfxd4 33. b5
Na5 34. Kh2 Nc4 35. a4 b6 36. Re7 Nd6 37. Rg7 Rxa4 38. Rxg5 Rb4 39. Rd1 Kc7 40.
Rc1+ Kb8 41. Rd1 Kc7 42. Rc1+ Kd7 43. Rg7+ Ke6 44. Rxa7 Rxb5 45. Ra2 Rc5 46. Rd1
b5 47. Ra6 Rd5 48. Rb1 Rb8 49. Rb4 Rd2 50. Kg1 Kd5 51. h4 Kc5 52. Rb1 b4 53. h5
b3 54. h6 b2 55. h7 Nc4 56. Rh6 Rh8 57. Rh3 Rd7 58. Rh5+ Kb4 59. Rh4 Kb3 60.
Rxc4 Kxc4 0-1

[Event "4NCL 2014-15"]
[Site "Hinckley Island ENG"]
[Date "2015.03.29"]
[Round "8.187"]
[White "Spencer, Carl J"]
[Black "Stepanyan, Henrik"]
[Result "0-1"]
[WhiteElo "2194"]
[BlackElo "2042"]
[WhiteTeam "Cambridge University 1"]
[BlackTeam "Warwickshire Select 1"]
[WhiteFideId "412171"]
[BlackFideId "401030"]
[EventDate "2014.11.15"]

1. d4 Nf6 2. Nf3 g6 3. g3 Bg7 4. Bg2 O-O 5. c4 d6 6. O-O Nbd7 7. Nc3 e5 8. dxe5
dxe5 9. Qc2 Re8 10. Rd1 c6 11. Rb1 Qc7 12. b3 Nc5 13. Nd2 Bf5 14. e4 Bg4 15. f3
Bd7 16. b4 Ne6 17. Nb3 h5 18. Be3 h4 19. Qf2 hxg3 20. hxg3 b6 21. a4 Bf8 22. c5
bxc5 23. bxc5 Rab8 24. a5 Qc8 25. Bf1 Nc7 26. Bc4 Be6 27. Qe2 Bxc4 28. Qxc4 Qh3
29. Bf2 Nb5 30. Rbc1 Bh6 31. Ra1 Nxc3 32. Qxc3 Nh5 33. Ra2 Nxg3 34. Bxg3 Qxg3+
35. Rg2 Qf4 36. Rd3 Red8 37. Rgd2 Rxd3 38. Rxd3 Qg3+ 39. Kf1 Qh3+ 40. Ke2 Qg2+
41. Kd1 Qf1+ 42. Kc2 Qg2+ 43. Nd2 Bxd2 44. Rxd2 Qf1 45. Rd1 Qe2+ 46. Rd2 Qb5 47.
Rd1 Qa4+ 48. Kc1 Qa2 49. Qc2 Qa3+ 0-1

[Event "4NCL 2014-15"]
[Site "Hinckley Island ENG"]
[Date "2015.03.29"]
[Round "8.188"]
[White "Fallowfield, Jeremy R"]
[Black "Needham, Sabrina"]
[Result "1-0"]
[WhiteElo "2047"]
[BlackElo "1754"]
[WhiteTeam "Warwickshire Select 1"]
[BlackTeam "Cambridge University 1"]
[WhiteFideId "405450"]
[BlackFideId "437930"]
[EventDate "2014.11.15"]

1. e4 c5 2. Nc3 e6 3. f4 Nh6 4. Nf3 Nc6 5. d4 cxd4 6. Nxd4 a6 7. Be3 Bb4 8. Nxc6
Bxc3+ 9. bxc3 bxc6 10. Bc5 d5 11. Qd4 Rg8 12. e5 g5 13. Bd3 Nf5 14. Bxf5 exf5
15. e6 Bxe6 16. O-O Rb8 17. Rae1 Kd7 18. fxg5 Qxg5 19. g3 Qg7 20. Qf4 Kc8 21.
Rb1 Rb5 22. a4 Qxc3 23. Bd4 Qc4 24. axb5 Rg4 25. Qe5 Qxd4+ 26. Qxd4 Rxd4 27.
bxa6 Ra4 28. Ra1 Rxa1 29. Rxa1 Kb8 30. a7+ Ka8 31. Kf2 d4 32. Ra5 Bd5 33. Ke1 h5
34. h4 Be6 35. Kd2 Bd5 36. Rxd5 cxd5 37. Kd3 Kxa7 38. Kxd4 Kb6 39. Kxd5 Kc7 40.
Ke5 1-0